<?xml version="1.0" encoding="UTF-8"?>
<marc:record xmlns:marc="http://www.loc.gov/MARC21/slim">
   <marc:leader>00000nam a2200000 a 4500</marc:leader>
   <marc:datafield ind1=" " ind2=" " tag="653">
      <marc:subfield code="a">Musik</marc:subfield>
   </marc:datafield>
   <marc:datafield ind1=" " ind2=" " tag="653">
      <marc:subfield code="a">Abenteuer</marc:subfield>
   </marc:datafield>
   <marc:datafield ind1=" " ind2=" " tag="653">
      <marc:subfield code="a">Tiere</marc:subfield>
   </marc:datafield>
   <marc:datafield ind1="0" ind2="0" tag="245">
      <marc:subfield code="a">Sing die Show deines Lebens</marc:subfield>
   </marc:datafield>
   <marc:datafield ind1=" " ind2="1" tag="264">
      <marc:subfield code="a">Hamburg</marc:subfield>
      <marc:subfield code="b">Universal Studios</marc:subfield>
      <marc:subfield code="c">2020</marc:subfield>
   </marc:datafield>
   <marc:datafield ind1="1" ind2=" " tag="520">
      <marc:subfield code="a">All deine Stars aus Illuminations "Sing" sind zurück im neuen Animations-Abenteuer mit toller Musik und viel Spaß für die ganze Familie.Der ewig optimistische Koala Buster Moon und seine All-Stars träumen von der Show ihres Lebens in der glamourösen Glitzer-Metropole Redshore City. Es gibt nur ein Problem: Sie müssen Rocklegende Clay Calloway davon überzeugen, für diese Show auf die Bühne zurückzukehren.Mit neuen Charakteren, spektakulären Hits und elektrisierenden Auftritten kehren Schweinemutter Rosita, Rocker-Stachelschwein Ash, Gorilla Johnny, Elefantin Meena und Pop-Provokateur Schwein Gunter zurück in "Sing - Die Show deines Lebens", einem Filmspaß über die heilende Kraft der Musik.</marc:subfield>
   </marc:datafield>
   <marc:datafield ind1=" " ind2=" " tag="020">
      <marc:subfield code="a">5053083242022</marc:subfield>
      <marc:subfield code="9">5053083242022</marc:subfield>
   </marc:datafield>
   <marc:datafield ind1="0" ind2=" " tag="490">
      <marc:subfield code="v">0</marc:subfield>
   </marc:datafield>
   <marc:datafield ind1=" " ind2=" " tag="300">
      <marc:subfield code="a">1 DVD (PAL, Ländercode 2) ca. 105 Min.</marc:subfield>
   </marc:datafield>
</marc:record>
